000 00671na a2200217 4500
001 21320
003 MIRAKIL
005 20181213155046.0
008 170207b tu 000 0
040 _aMilas
_btur
_cTR-AnCHP
041 _atur
082 _a351.7225
_bS25i 2007
090 _a351.7225 S25i 2007
110 _aSanayi ve Ticaret Bakanlığı
245 _a2007 mali yılı kesin hesabı
_cSanayi ve Ticaret Bakanlığı
260 _aAnkara
_bSanayi ve Ticaret Bakanlığı
_c2007
300 _a82 s.
_btbl.
_c20 sm.
610 _aSanayi ve Ticaret Bakanlığı
_xKesin bütçe
_y2007
710 _aT.C. Sanayi ve Ticaret Bakanlığı
942 _2ddc
_cBKS
999 _c5769
_d5769